=LDR 00000nam 2200000 4500 =001 INLIS000000000041721 =005 20130612151233 =008 ***********************************Ind** =035 ##$$0010-061300000041721 =041 ##$$a Ind =082 ##$$a 658.5 =090 ##$$a 658.5 , Kom A =100 ##$$a Komaruddin Prof =245 ##$$a Asas-asas Menejemn Produksi =260 ##$$a 1991 $b Jakarta =300 ##$$a vii, ilus, 269 hlm, 21 cm =850 ##$$a NBPNMAT